Home-based children : for childminders & nannies :

Bibliographic Details
Main Author: Leech, Sheila Riddall
Format: Book
Published: UK : Heinemann , 2011
Subjects:

MARC

LEADER 00000cam a2200000 7i4500
001 0000036893
005 20130704.0
008 130704
020 |a 0435045906 
090 0 0 |a 372.21805   |b LEE 
100 1 |a Leech, Sheila Riddall 
245 1 0 |a Home-based children :   |b for childminders & nannies :   |b level 3 unit cypop 5   |c Sheila Riddall-Leech 
260 |a UK :   |b Heinemann ,   |c 2011 
650 0 |a Early childhood education 
650 0 |a Educational preschool 
650 0 |a Kindergarten   |x Activity programs 
999 |a 0001227097   |b Book   |c Adult Collection   |e Perbadanan Perpustakaan Awam Johor